Game changers #2 / (Record no. 3561)
[ view plain ]
| 000 -LEADER | |
|---|---|
| fixed length control field | 01211nam a22002417a 4500 |
| 001 - CONTROL NUMBER | |
| control field | 3561 |
| 003 - CONTROL NUMBER IDENTIFIER | |
| control field | FISKH |
| 005 - DATE AND TIME OF LATEST TRANSACTION | |
| control field | 20240320115212.0 |
| 008 - FIXED-LENGTH DATA ELEMENTS--GENERAL INFORMATION | |
| fixed length control field | 240320b cb ||||| |||| 00| 0 eng d |
| 040 ## - CATALOGING SOURCE | |
| Original cataloging agency | FISK |
| Language of cataloging | eng |
| Transcribing agency | FISK |
| Modifying agency | FISK |
| 050 ## - LIBRARY OF CONGRESS CALL NUMBER | |
| Classification number | PZ7.L97914 |
| 082 ## - DEWEY DECIMAL CLASSIFICATION NUMBER | |
| Classification number | 813.6 |
| 100 ## - MAIN ENTRY--PERSONAL NAME | |
| Personal name | Lupica Mike |
| Dates associated with a name | 1952- |
| 245 ## - TITLE STATEMENT | |
| Title | Game changers #2 / |
| Statement of responsibility, etc. | Mike Lupica |
| 260 ## - PUBLICATION, DISTRIBUTION, ETC. | |
| Place of publication, distribution, etc. | New York : |
| Name of publisher, distributor, etc. | Scholastic, |
| Date of publication, distribution, etc. | 2014 |
| 300 ## - PHYSICAL DESCRIPTION | |
| Extent | 201 pages : |
| Dimensions | 20 cm |
| 505 ## - FORMATTED CONTENTS NOTE | |
| Formatted contents note | Q |
| 520 ## - SUMMARY, ETC. | |
| Summary, etc. | Still living large off their incredible football championship win just weeks before, Ben McBain and his crew must now prepare for basketball season. Ben is known as the best point guard throughout the league. And now that Shawn O'Brien has joined their team, they are a shoo-in to win it all. But there is a new kid in town, Chase Braggs, a point guard like Ben who seems to be better, stronger, and faster. Refusing to let his team down, Ben hits the courts hard to practice. Ben's rivalry with Chase seems to take the fun out of playing ball with his best friends. Will Ben be able to pull it together for his team and for himself? |
| 521 8# - TARGET AUDIENCE NOTE | |
| Target audience note | 920 |
| Source | Lexile |
| 700 ## - ADDED ENTRY--PERSONAL NAME | |
| Personal name | Mike Lupica |
| 942 ## - ADDED ENTRY ELEMENTS (KOHA) | |
| Source of classification or shelving scheme | Dewey Decimal Classification |
| Koha item type | Books |
| Suppress in OPAC | No |
| Withdrawn status | Lost status | Source of classification or shelving scheme | Damaged status | Not for loan | Collection | Home library | Current library | Shelving location | Date acquired | Total Checkouts | Full call number | Barcode | Date last seen | Copy number | Price effective from | Koha item type |
|---|---|---|---|---|---|---|---|---|---|---|---|---|---|---|---|---|
| Dewey Decimal Classification | Fiction | Footprints International School Library Network Toul Kork Campus | Footprints International School Library Network Toul Kork Campus | TTP Secondary Fiction Bookshelves | 03/20/2024 | LUP PZ7.L97914 813.6 | 2024-0368 | 03/20/2024 | 1 | 03/20/2024 | Books |
